[Event "E Grand Prix"]
[Site "Tbilisi"]
[Date "2015.02.21"]
[Round "6.3"]
[White "Radjabov, Teimour"]
[Black "Grischuk, Alexander"]
[Result "1-0"]
[WhiteElo "2731"]
[BlackElo "2810"]
[EventDate "2015.??.??"]
[Annotator "Bojkov,Dejan"]
[PlyCount "47"]
[Beauty "8248082045495"]
[EventType "team-tourn"]
[EventCountry "FID"]
[WhiteClock "0:20:04"]
[BlackClock "0:04:11"]

{[Annotations by GM Dejan Bojkov]} 
1.e4 c5 2.Nf3 d6 3.d4 cxd4 4.Nxd4 Nf6 5.Nc3 a6 6.Bg5 {A small surprise. In his younger days Teimour liked to play very sharply in the opening. However, he did not play the mainline since 2011.} 6...e6 7.f4 Qb6 {The Poisoned Pawn variation has its ups and downs. Of late it seems as the interest towards it is rising again. White waits until the second player gets the deceptive feeling that all is good in this line for him and stops checking the forced lines. And then White strikes! At least this is the way I explain the fashionable trends in the line. :-)} ( {In their previous encounter Alexander chose a different plan:} 7...Qc7 8.Bxf6 gxf6 9.f5 Nc6 10.fxe6 fxe6 11.Bc4 Nxd4 12.Qxd4 Rg8 {Radjabov,T (2744)-Grischuk,A (2728) Sochi 2008} ) 8.Qd2 Qxb2 9.Rb1 Qa3 10.e5 ( 10.f5 {is the old main line.} ) 10...h6 11.Bh4 dxe5 12.fxe5 g5 {This particular line dates since the distant...2007 year!} 13.Bg3 ( {Another line was tested by two promising young players:} 13.exf6 gxh4 14.Be2 Nd7 15.O-O Qa5 16.Kh1 Qg5 {Yu,Y (2697) -Robson,R (2628) Las Vegas 2014} ) 13...Nh5 14.Ne4 Nd7 {Black bought some time to develop a piece with his last moves, but created too many weaknesses in his camp.} 15.Rb3 Qxa2 16.Be2 {A very typical picture for the Poisoned Pawn variation has arisen. Black has two extra pawns, but White three extra pieces in the attack! It can hardly be sharper than that. Both sides have to be extremely precise in what they are doing. Grischuk now comes up with a novelty...} 16...Nc5 {...which I personally doubt will attract many followers.} ( {It was mandatory to start with a check:} 16...Qa1+ 17.Bd1 {and only then go for} ( {One point behind the check is that Black does not meet the witty} 17.Kf2 $6 {with the natural capture} 17...Qxh1 $2 ( {but with the cunning} 17...Nxg3 $1 18.Nxg3 ( 18.Rxa1 Nxe4+ ) 18...Qxd4+ $1 19.Qxd4 Bc5 {and White is too many pawns down} ) 18.Nxe6 fxe6 19.Bxh5+ Kd8 20.Qa5+ b6 21.Rxb6 ) 17...Nc5 {This has been tested in three correspondence games, with good results for Black. One example:} 18.Re3 Nxe4 19.Rxe4 Nxg3 20.hxg3 Qa3 21.O-O Bg7 22.Bh5 O-O {and Black seems in a good shape, Hervet,G (2352)-Matei,C (2527) corr. 2009.} ) ( {Black can also investigate the consequences of the move} 16...Nxg3 17.hxg3 Bc5 ) 17.Nc3 $1 {A strong reply. The knight moves away with tempo.} ( 17.Bxh5 $6 Nxe4 ) ( 17.Nxc5 $6 Nxg3 ) 17...Nxb3 {Forced or else Black loses a piece after} ( 17...Qa1+ 18.Rb1 Qa5 19.Bxh5 ) 18.Nxb3 Bb4 ( {Objectively speaking, Black's best try was} 18...Nxg3 19.Nxa2 Nxh1 {but since the knight is trapped after} 20.Kf1 Be7 21.Kg1 O-O {White's chances are much better.} ) 19.Bxh5 Qb2 {The vulnerable position of the queen allows White a decisive attack after} ( 19...Bxc3 20.Qxc3 Qb1+ ( 20...O-O 21.O-O {with the threat Rf1-a1} ) 21.Bd1 Bd7 22.O-O Rc8 23.Qf3 O-O 24.Nd2 $1 {and the knight is heading for the juicy f6 square} 24...Qb6+ 25.Bf2 Qb4 26.Ne4 {Once that this knight goes to f6 it is all over.} ) 20.O-O Qxc3 {Alas, the king is not getting any peace on the kingside either.} ( 20...O-O 21.Qf2 Qxc3 22.Bxf7+ Kh7 23.Qf6 Qxc2 24.h4 $1 Qd3 25.h5 $1 {and White wins.} ) 21.Bxf7+ Ke7 22.Qf2 {The king stays in the middle and the rest is a piece of cake for Radjabov.} 22...Kd7 ( {Or} 22...Rf8 23.Qf6+ Kd7 24.Be1 Qc4 25.Bxb4 Qxb4 26.Bxe6+ Ke8 27.Bf7+ Kd7 28.c3 $1 Qa3 29.Ra1 {and the queen is deflected from the d6 square.} ) 23.Qb6 Rf8 24.Be1 {One mistake in a sharp position proved one too many for Grischuk. It is good to see Radjabov back in sharp battle!} 1-0

[Event "European Championship"]
[Site "?"]
[Date "2015.03.05"]
[Round "9.1"]
[White "Navara, David"]
[Black "Nepomniachtchi, Ian"]
[Result "1-0"]
[WhiteElo "2735"]
[BlackElo "2714"]
[EventDate "2015.??.??"]
[Annotator "Bojkov,Dejan"]
[PlyCount "105"]
[Beauty "6807254742059"]
[EventType "team-tourn"]
[WhiteClock "0:03:41"]
[BlackClock "0:16:04"]

{[Annotations by GM Dejan Bojkov]} 
1.Nf3 {Navara plays pretty much everything and varies his openings on account of the opponent. In this game he choses a tricky opening idea to deal with the Gruenfeld defense.} 1...Nf6 2.c4 c5 3.Nc3 d5 4.cxd5 Nxd5 5.e3 {In search of innovation! This line is quite fresh and fashionable. White is mainly pinning his hopes for an opening advantage with one of the following continuations:} ( 5.g3 ) ( 5.d4 ) ( 5.e4 ) 5...Nxc3 {This was perhaps easy to predict.} ( {Peter Leko's careful aproach led to a completely different game after} 5...e6 6.d4 cxd4 7.exd4 Be7 {with a typical IQP position that arises from the Panov/Nimzo-Indian/Tarrasch openings, Tomashevsky,E (2714)-Leko,P (2731) Sochi 2014. The problem with this approach however is that Nepomniachtchi play neither of these openings, at least with the black pieces. He is an expert of the Panov attack, but as White.} ) 6.bxc3 Qc7 7.Bb2 {A novelty on move seven! It seems illogical to place the bishop on the diagonal which is blocked by the pawn, but this is only temporary. The world champion had tested} ( 7.d4 g6 8.Bb5+ Bd7 9.a4 Bg7 10.O-O O-O 11.Ba3 b6 {when the position still resembles the Gruenfeld, Carlsen,M (2881)-Giri,A (2752) Stavanger 2014} ) 7...Nd7 ( {If anything, Black is not going to fianchettoe the bishop!} 7...g6 $6 8.c4 {is awkward for the second player.} ) ( {Perhaps Black will try in the future} 7...e5 {with natural development - Bf8-e7, Nb8-c6 and central control.} ) 8.Qb3 e6 ( {Once more the fianchettoe is not appealing:} 8...g6 9.Ng5 e6 10.c4 e5 {when White has the pleasant choice between the aggressive} 11.h4 ( {and} 11.f4 ) ( {or the positional} 11.Be2 {after which the knight on g5 will be rerouted to the d5 square via e4-c3.} ) ) 9.c4 {The opening operation was successful! Navara took his opponent "out of book" and objectively speaking White enjoys some pressure. The bishop on b2 is very nicely placed.} 9...b6 10.a4 {Since the black kingside is frozen, White prepares a "warm" welcome for the black monarch.} 10...Bb7 ( {The careless} 10...e5 $6 11.a5 Bb7 $2 {allows a nice combination:} 12.axb6 axb6 13.Rxa8+ Bxa8 14.Nxe5 $1 Nxe5 15.Bxe5 Qxe5 16.Qa4+ {and wins.} ) 11.a5 $1 f6 {Nepomniachtchi tries to close the long diagonal and free his bishop.} ( {Things are not very optimistic for Black after} 11...O-O-O 12.axb6 ( 12.Be2 ) ( 12.Bd3 ) 12...axb6 13.Be2 ) ( 11...e5 $2 {transposes to the above-mentioned line after} 12.axb6 axb6 13.Rxa8+ Bxa8 14.Nxe5 $1 ) 12.Bd3 $1 {Now that the pawn has moved to f6, the black kingside is vulnerable. The Czech grandmaster neatly uses that.} 12...Bd6 $6 {An inaccuracy.} ( {Better was} 12...Be7 $5 {with the idea} 13.Qc2 f5 14.Bxg7 Rg8 15.Bc3 Rxg2 {with slightly better chances for White.} ) 13.Qc2 f5 ( {White is also much better after} 13...Nf8 14.Be4 ) 14.Ng5 $1 {Play on both flanks!} ( {Black was OK after} 14.Bxg7 Rg8 15.Bc3 ( {Not} 15.Qc3 $2 Bxf3 $1 16.gxf3 Kf7 17.Bh6 ( 17.Rg1 Bf8 $1 ) 17...Be5 {when Black is on top.} ) 15...Rxg2 ) 14...Nf8 {The most reasonable defense.} ( {Black's position falls apart after} 14...e5 $2 15.Ne6 ) ( {and} 14...Ke7 {can be met by the simple} 15.f4 {with a large advantage} ( {Or the more entertaining} 15.Nxe6 $5 Kxe6 16.Bxf5+ Kf7 17.Bxh7 ) ) 15.f4 $1 h6 ( {It suddenly becomes clear that the pawn on g2 is poisoned. In the line} 15...Bxg2 16.Rg1 Bc6 ( 16...Qb7 {loses prosaically after} 17.axb6 axb6 18.Rxa8+ Qxa8 19.Bxg7 Rg8 20.Bxf8 ) 17.axb6 axb6 ( 17...Qxb6 18.Bxg7 {is a mess for Black.} ) 18.Rxa8+ Bxa8 {White has the fantastic resource} 19.Nf7 $3 {with an instant win. For example} ( {By the way} 19.Nxe6 $1 Nxe6 20.Bxf5 {would also work.} ) 19...Qxf7 ( 19...Kxf7 20.Rxg7+ ) ( 19...Rg8 20.Nh6 Rh8 21.Bxg7 ) 20.Rxg7 ( {or also} 20.Qa4+ {in either case with a win.} ) ) 16.Nf3 Ng6 {The black king has no peace after neither} ( 16...O-O-O 17.O-O ) ( {nor} 16...Kf7 17.O-O ( 17.Ne5+ ) 17...Nh7 18.Ne5+ ) 17.h4 $1 {Amazing play with the rook pawns! Bent Larsen would be so proud of Navara. Now the black king is not safe anywhere...} 17...O-O-O {Nepomniachtchi decided this is the lesser evil. However...} ( 17...O-O 18.Rh3 $1 {followed by Rh3-g3 and h4-h5. You did not forget about the bishop on b2, did you?} ) 18.axb6 axb6 19.Bxf5 $1 {A well-calculated combination!} 19...Nxf4 ( 19...exf5 20.Qxf5+ ) 20.Be4 $1 ( {But not} 20.exf4 exf5 21.Qxf5+ Kb8 22.Ne5 Bxg2 {when the black bishops come into life.} ) 20...Bxe4 21.Qxe4 Nd3+ $1 {The Russian GM finds the best defense.} 22.Ke2 $1 ( {Definitely not} 22.Qxd3 $4 Bg3+ ) 22...Nxb2 23.Rhb1 $1 {Navara regains the knight while developing!} 23...Rhe8 24.Rxb2 Qb7 25.Qb1 $1 {Once again the best continuation. White's concentration in the attack is enviable!} ( {Both} 25.Qg4 ) ( {and} 25.Qg6 {were tempting but the text is stronger.} ) 25...Bc7 26.Rba2 {White's position is overwhelming. The rooks are about to enter the king's castle.} 26...Bb8 27.Ra8 Rd6 28.R1a7 $5 {A somewhat surprising, but strong idea! The queen will co-operate much better with the knight than the black rooks and the bishop.} ( 28.Qg6 $1 Re7 ( 28...Red8 29.R1a7 Qxa7 30.Rxa7 Bxa7 31.Qxg7 ) 29.Ne5 ) 28...Qxa7 ( {Or} 28...Qc6 29.Qg6 Red8 30.Ke1 $1 {with the unstoppable threat Nf3-e5!} ) 29.Rxa7 Bxa7 30.Ne5 Red8 {Black's defense is extremely difficult.} ( 30...Bb8 31.Qb5 Red8 32.d3 {with the threats Ne5-f7 and Ne5-c6 looks winning for White.} ) 31.d3 Rf8 32.g4 $1 {Once again Navara plays on both flanks and opens operative room for the queen. Grand play!} 32...Bb8 33.Qh1 $1 h5 {The only chance.} ( {Black is completely paralized after} 33...Bc7 34.Qa8+ Bb8 35.h5 ) 34.gxh5 Rf5 35.Ng6 Rf7 ( {Or else the rook will be in trouble in the line} 35...Rxh5 36.Qf3 Rh6 ( 36...Rh7 37.Qf7 Rd8 38.Qxe6+ ) 37.Qf8+ Rd8 38.Qxg7 ) 36.Qe4 Rf6 37.Ne7+ Kc7 ( {One sweet example of Q+N team work is} 37...Kd7 38.Qb7+ Bc7 39.Nc8 $1 Rc6 40.Na7 $3 Rd6 41.Qc8+ Ke7 42.Qxc7+ ) 38.Qh7 Rf7 39.Ng6 {Total domination! The threat h5-h6 cannot be parried!} 39...e5 40.Nxe5 {Now it should have been over. White's plan is to place the knight on d5 after the preliminary e3-e4 if needed. But every epic battle needs at least a pinch of a drama...} 40...Re7 41.Ng6 ( 41.Ng4 {was a win.} ) 41...Red7 42.Nf4 $2 {Here it is! The dramatic blunder.} ( {Instead, the correct} 42.Qg8 Rxd3 43.Nf8 Rd2+ 44.Kf3 Re7 45.Ne6+ Kb7 46.Nxg7 {still wins.} ) 42...Kb7 $2 {The favour is returned.} ( {Black could have saved the game after} 42...g5 {Ouch!} 43.Nd5+ ( {I doubt that the pawns are as good as the rook in the line} 43.Qxd7+ Kxd7 44.hxg5 Ke7 ) 43...Rxd5 44.Qe4 Rxd3 $1 ( 44...R5d6 45.hxg5 {might still be a win for White!} ) 45.hxg5 ( {Perhaps White missed that in the line} 45.Qxd3 $2 Rxd3 46.Kxd3 gxh4 47.h6 Kd7 48.Ke4 Ke6 {Black can stop the pawn?} ) 45...Rd2+ 46.Kf3 Rh2 47.h6 Rf7+ 48.Kg4 Rf1 {and the active rooks should save the game.} ) 43.Qf5 Bc7 44.e4 {Now everything is under control and Navara finishes the game in style.} 44...b5 45.Nd5 bxc4 46.dxc4 Rd8 47.e5 Re8 ( {There is not fortress after} 47...Rxd5 48.cxd5 Rxd5 49.Qe4 Kc6 50.e6 ) 48.Nxc7 Kxc7 49.Qf7+ Kd8 50.Qxe8+ Kxe8 51.exd6 Kd7 52.Kf3 Kxd6 53.Kf4 {What a game!} 1-0

[Event "Shamkir Chess"]
[Site "?"]
[Date "2015.04.20"]
[Round "4.4"]
[White "So, Wesley"]
[Black "Mamedov, Rauf"]
[Result "1-0"]
[WhiteElo "2788"]
[BlackElo "2651"]
[EventDate "2015.??.??"]
[Annotator "Bojkov,Dejan"]
[PlyCount "81"]
[Beauty "7633230630422"]
[EventType "team-tourn"]
[WhiteClock "1:04:30"]
[BlackClock "1:00:27"]

{[Annotations by GM Dejan Bojkov]} 
1.e4 c5 2.Nf3 Nc6 3.d4 cxd4 4.Nxd4 g6 {The Accelerated Dragon has a reputation of a solid but passive opening. The main reason for this is White's next move.} 5.c4 {The Maroczy bind.} 5...Nf6 6.Nc3 d6 7.f3 ( {A game of Mamedov's coach recently went} 7.Be2 Nxd4 8.Qxd4 Bg7 9.Be3 O-O 10.Qd2 a5 11.O-O a4 12.f3 Qa5 {and transposed into one of the main lines, Van Wely,L (2665)-Khalifman,A (2613) Jurmala 2015} ) 7...Bg7 8.Be3 O-O 9.Be2 Nh5 {With a very rare move Mamedov decides to weaken White's kingside before trading the knights.} ( {It makes sense to trade a pair of knights at once with} 9...Nxd4 {when after} 10.Bxd4 Be6 11.Rc1 Qa5 12.Qd2 Rfc8 13.b3 a6 14.Be3 b5 15.Nd5 {things have developed more or less normally with White enjoying his usual slight space advantage, until Black came up with the spectacular} 15...Nxd5 $1 16.Qxa5 Nxe3 17.Kf2 Bd4 {and White could not prove an advantage in Negi,P (2633)-Istratescu,A (2671) Graz 2014} ) 10.g3 Nxd4 11.Bxd4 Be6 {I suspect an over-the-board novelty and a very logical move.} ( {Previously only the immediate} 11...Qa5 12.O-O Bh3 {has been tried in a correspondence game. After} 13.Re1 ( 13.Rf2 ) 13...Qg5 {Black did well in Huzita,S (1865)-Hassim,U (2308) corr. 2011} ) ( {The move} 11...Bh3 {looks suspicious as the bishop can easily can get trapped there, say} 12.Bxg7 Kxg7 13.Qd4+ Nf6 14.g4 ) 12.f4 Nf6 13.O-O Rc8 14.b3 Qa5 $6 {The beginning of Black's problems. The next move should not have been allowed.} ( {Instead} 14...Bh3 15.Rf2 {and only then} 15...Qa5 {is somewhat better for White, but playble for the second player.} ) ( {Normally Black wants to trade the dark-squared bishop but here the straightforward attempt simply loses} 14...Nd7 $4 15.f5 ) 15.f5 $1 {Now White grabs a lot of space and slowly squeezes his opponent.} 15...Bd7 ( {The pawn is poisoned:} 15...gxf5 $2 16.exf5 Bxf5 17.b4 Qxb4 18.Rxf5 {wins a piece for White.} ) 16.a3 e6 {Black has to defend passively as any pawn push creates weaknesses in his camp.} ( {For example} 16...e5 17.b4 Qc7 18.Be3 {with a huge hole on d5.} ) ( {And if} 16...b5 17.b4 Qc7 ( 17...Qd8 18.Nxb5 ) 18.Bxf6 $1 Bxf6 19.Nd5 Qd8 20.Nxf6+ exf6 21.cxb5 {will clear edge for White.} ) 17.b4 Qd8 ( {In case of} 17...Qc7 {White can continue in a similar way as in the game} 18.fxe6 fxe6 19.e5 dxe5 20.Bc5 Rf7 21.Bd6 {with an advantage.} ) 18.fxg6 fxg6 ( {White is also much better after} 18...hxg6 19.e5 dxe5 20.Bxe5 ) 19.e5 $1 {Wesley So modifies the pawn structure into his favor with the last two moves. Now he will have a queenside majority, which is always useful whenever the game approaches the endgame. Mamedov on his turn will have a weak pawn on e6.} 19...dxe5 20.Bxe5 {White wants to further improve his position with Qd1-b3, Ra1-d1(e1), c4-c5. His play is very simple and obvious and Black decided to try his luck in the endgame.} 20...Bc6 21.b5 Ne4 22.Qxd8 Rcxd8 {"I think this was a mistake" said So at the press-conference meaning that this was a crucial moment in the game.} ( {He suggested instead} 22...Rfxd8 {But after} 23.bxc6 ( {White indeed has nothing in case of} 23.Bxg7 Kxg7 24.Nxe4 ( {Or} 24.Na4 Be8 25.Rad1 ) 24...Bxe4 25.Rad1 {(So)} ) 23...Nxc3 {However White has a clear road to the advantage with} 24.cxb7 $1 ( 24.Bxc3 {as this indeed leads White nowhere after} 24...Bxc3 25.cxb7 Bxa1 26.Rxa1 ( 26.bxc8=Q Bd4+ 27.Kg2 Rxc8 {is equal instead.} ) 26...Rc7 27.Rb1 Rb8 28.Bf3 Rxc4 {when only Black can be better.} ) 24...Nxe2+ 25.Kg2 Rb8 ( {Or else Black loses one of the light pieces with} 25...Bxe5 26.bxc8=Q Rxc8 27.Rae1 ) 26.Bxb8 Rxb8 27.Rad1 {This is more precise than} ( 27.Rab1 Nc3 28.Rb3 Na4 {with chances for a draw.} ) 27...Nd4 ( {The back rank is weak after} 27...Rxb7 $2 28.Rd8+ ) 28.Rb1 {A rook and a pawn are usually much better than the two light pieces in the endgame. Especially when the rook is assisted by a pawn on the seventh rank!} ) 23.Rxf8+ Rxf8 24.Bxg7 Kxg7 25.Rc1 Nxc3 26.Rxc3 Bd7 ( {The bishop cannot stay active on the long diagonal due to the pawn loss after} 26...Be4 27.Re3 Bf5 28.g4 ) 27.c5 {White achieved his dream endgame with a well-advanced queenside pawn majority and active pieces. As his king is easily entering the play the game is practically decided.} 27...Rc8 28.a4 Kf6 29.Kf2 Ke5 30.Ke3 Be8 31.Bf3 Rc7 32.Kd3 $1 {Excellent technique! Before advancing the pawns So activates his pieces to the maximum.} 32...g5 33.Kc4 h5 34.a5 g4 35.b6 axb6 36.axb6 Rd7 37.Re3+ Kf6 38.c6 bxc6 39.Bxc6 Rd8 40.Bxe8 Rxe8 41.b7 {Next Re3-b3 will follow and march of the white king to c7. Just like Carlsen in the second round, So needed only one mistake to beat his opponent in a nice positional game to grab the sole lead!} 1-0